000 00512nam a2200181Ia 4500
008 151018s9999 xx 000 0 und d
082 _bRBASDV60119
_a928
100 _aKaushik Bhattacharya
245 _aa gimpes of rabindrnathas india
250 _b1
260 _bkastari bhattacharya kolkata
_c2011
300 _a76
600 _aKaushik Bhattacharya
630 _aa gimpes of rabindrnathas india
700 _aKaushik Bhattacharya
730 _aa gimpes of rabindrnathas india
942 _cBOOK
999 _c1053704
_d1053701